Bibliothéques scolaires et centres de documentation

Saved in:
Bibliographic Details
Format: Book
Language:French
English
Published: Paris OECD 2001
Series:Enseignement et compétences
Subjects:
Tags: Add Tag
No Tags, Be the first to tag this record!

MARC

LEADER 00000nam a2200000 4500
001 c129596
005 20240422080734.2
020 |a 92-64-08604-8 
041 0 |a fre 
041 0 |a eng 
044 |a FR 
245 1 0 |a Bibliothéques scolaires et centres de documentation 
264 1 |a Paris  |b OECD  |c 2001 
300 |a 200 s. 
490 1 |a Enseignement et compétences 
830 0 |a Enseignement et compétences 
610 2 0 |a knižnice 
610 2 0 |a výchova 
610 2 0 |a vzdelávanie 
610 2 0 |a školy 
610 2 0 |a služby informačné 
610 2 0 |a technológie informačné 
610 2 0 |a technológie komunikačné 
610 2 0 |a spoločnosť informačná 
610 2 0 |a vzdelávanie mimoškolské 
610 2 0 |a vzdelávanie permanentné 
610 2 0 |a zdroje informácií